Oudste steden van Nederland - Statistieken

Algemene statistieken
  • Deze quiz is 378 keer genomen
  • De gemiddelde score is 5 van 10
Antwoordstatistieken
# Provincie Antwoord % Correct
3 Utrecht Utrecht
97%
2 Limburg Maastricht
95%
1 Gelderland Nijmegen
90%
6 Zeeland Middelburg
86%
4 Overijssel Deventer
54%
5 Gelderland Zutphen
31%
7 Gelderland Tiel
24%
9 Friesland Stavoren
17%
10 Zeeland Hulst
16%
8 Zeeland Aardenburg
4%
Geen overeenkomende quizzen gevonden
Scoreverdeling
Procent van Mensen met Elke Score
Percentiel versus Aantal Correcte Antwoorden
Uw Scoregeschiedenis
U heeft deze quiz nog niet genomen